Essays on Dalits, religion, and liberation / (Record no. 658)
[ view plain ]
| 000 -LEADER | |
|---|---|
| fixed length control field | 01190cam a2200349 a 4500 |
| 001 - CONTROL NUMBER | |
| control field | 14948888 |
| 003 - CONTROL NUMBER IDENTIFIER | |
| control field | gbc |
| 005 - DATE AND TIME OF LATEST TRANSACTION | |
| control field | 20241126110343.0 |
| 008 - FIXED-LENGTH DATA ELEMENTS--GENERAL INFORMATION | |
| fixed length control field | 070801s2006 ii 000 0 eng |
| 010 ## - | |
| -- | 2007388638 |
| 020 ## - INTERNATIONAL STANDARD BOOK NUMBER | |
| International Standard Book Number | 8170863996 |
| 025 ## - OVERSEAS ACQUISITION NUMBER | |
| Overseas acquisition number | I-E-2007-388638; 13 |
| 037 ## - SOURCE OF ACQUISITION | |
| Source of stock number/acquisition | Library of Congress -- New Delhi Overseas Office |
| Terms of availability | Rs200.00 |
| 040 ## - CATALOGING SOURCE | |
| Original cataloging agency | DLC |
| Transcribing agency | DLC |
| 042 ## - | |
| -- | lcode |
| 043 ## - | |
| -- | a-ii--- |
| 050 00 - | |
| -- | BT30.I5 |
| -- | A89 2006 |
| 082 ## - DEWEY DECIMAL CLASSIFICATION NUMBER | |
| Classification number | 200.8694 |
| Item number | AYR |
| 100 1# - MAIN ENTRY--PERSONAL NAME | |
| Personal name | Ayrookuzhiel, A. M. Abraham. |
| 245 10 - TITLE STATEMENT | |
| Title | Essays on Dalits, religion, and liberation / |
| Statement of responsibility, etc. | A.M. Abraham Ayrookuzhiel. |
| 246 30 - | |
| -- | Dalits, religion, and liberation |
| 260 ## - PUBLICATION, DISTRIBUTION, ETC. | |
| Place of publication, distribution, etc. | Bangalore : |
| Name of publisher, distributor, etc. | Asian Trading Corp., |
| Date of publication, distribution, etc. | 2006. |
| 300 ## - PHYSICAL DESCRIPTION | |
| Extent | x, 321 p. ; |
| Dimensions | 23 cm. |
| 500 ## - GENERAL NOTE | |
| General note | "Christian Institute for the Study of Religion and Society." |
| 650 #0 - SUBJECT ADDED ENTRY--TOPICAL TERM | |
| Topical term or geographic name entry element | Theology, Doctrinal |
| Geographic subdivision | India. |
| 650 #0 - SUBJECT ADDED ENTRY--TOPICAL TERM | |
| Topical term or geographic name entry element | Dalits |
| Geographic subdivision | India |
| General subdivision | Religion. |
| 650 #0 - SUBJECT ADDED ENTRY--TOPICAL TERM | |
| Topical term or geographic name entry element | Marginality, Social |
| General subdivision | Religious aspects |
| -- | Christianity. |
| 710 2# - ADDED ENTRY--CORPORATE NAME | |
| Corporate name or jurisdiction name as entry element | Christian Institute for the Study of Religion and Society, Bangalore. |
| 906 ## - LOCAL DATA ELEMENT F, LDF (RLIN) | |
| a | 7 |
| b | cbc |
| c | origode |
| d | 3 |
| e | ncip |
| f | 20 |
| g | y-gencatlg |
| 942 ## - ADDED ENTRY ELEMENTS (KOHA) | |
| Source of classification or shelving scheme | Dewey Decimal Classification |
| Koha item type | Books |
| Koha issues (borrowed), all copies | 5 |
| Withdrawn status | Lost status | Source of classification or shelving scheme | Damaged status | Not for loan | Home library | Current Library | Shelving location | Date acquired | Total checkouts | Full call number | Barcode | Date last seen | Date last checked out | Copy number | Price effective from | Koha item type | Total renewals |
|---|---|---|---|---|---|---|---|---|---|---|---|---|---|---|---|---|---|
| Dewey Decimal Classification | GRACE BIBLE COLLEGE | GRACE BIBLE COLLEGE | Philosophy and Religion | 2017-02-23 | 2 | 200.8694 AYR | 014190 | 2026-02-17 | 2026-02-12 | c.1 | 2017-02-23 | Books | |||||
| Dewey Decimal Classification | GRACE BIBLE COLLEGE | GRACE BIBLE COLLEGE | Philosophy and Religion | 2017-02-23 | 4 | 200.8694 AYR | 014191 | 2025-05-01 | 2024-01-25 | c.2 | 2017-02-23 | Books | 1 |